000 00296nam a22001337a 4500
008 170926b xxu||||| |||| 00| 0 eng d
020 _a9781457631818
041 _aeng
080 _a37
100 _a46
101 _aEDU
245 _aYOUR COLLEGE EXPERIENCE
_cGARDNER.J.N
942 _2udc
_cBK
999 _c30050
_d30050